000
00239nam a2200097Ia 4500
001
683341
005
20250826161436.0
008
250824s9999 xx 000 0 und d
245
0
_a
CAM IRMAĞI
_c
NAZAN BEKİROĞLU
260
_b
TİMAŞ YAYINLARI
999
_c
683341
_d
683341